000 00414nam a22001457a 4500
999 _c12132
_d12132
008 210120b ||||| |||| 00| 0 eng d
082 0 0 _a669.9
_bR3231
100 _94305
_aReed-Hall, Robert E.
245 1 0 _aPhysical metallurgy principles
_cBy Reed-Hall, Robert E.
260 _aPrinceton
_bD. Van Nostrand Company
_c1968
300 _ax,630 p.
365 _d18.00
650 0 _aPhysical Metallurgy
942 _cBK